Reflecting on America : anthropological views of U.S. culture /

Enregistré dans:
Détails bibliographiques
Autres auteurs: Boulanger, Clare L.
Format: Livre
Langue:English
Publié: Boston, MA : Pearson/Allyn and Bacon, c2008.
Sujets:
Accès en ligne:Table of contents only
Tags: Ajouter un tag
Pas de tags, Soyez le premier à ajouter un tag!
Thư viện lưu trữ: Mạng thư viện Đại học Đà Nẵng
LEADER 01454cam a22003851a 4500
001 000034508
003 10707
005 20221027103448.0
008 151027s2008 000 eng
020 |a 9780205481439 
040 |a lnn  |c lnn  |d lnn 
082 0 0 |a 306.0973  |b RE-O 
245 0 0 |a Reflecting on America :  |b anthropological views of U.S. culture /  |c Clare L. Boulanger, editor. 
260 |a Boston, MA :  |b Pearson/Allyn and Bacon,  |c c2008. 
300 |a xi, 221 p. :  |b ill. ;  |c 24 cm. 
504 |a Includes bibliographical references. 
650 0 |a Anthropology  |z United States  |x History. 
650 0 |a Anthropology  |z United States  |x Philosophy. 
650 0 |a Ethnology  |z United States  |x Philosophy. 
651 0 |a United States  |x Civilization  |y 1945- 
651 0 |a United States  |x Ethnic relations. 
700 1 |a Boulanger, Clare L. 
856 4 1 |3 Table of contents only  |u http://www.loc.gov/catdir/toc/ecip0720/2007024568.html 
OWN |a LNN 
AVA |a UDN50  |b LNN  |c English  |d 420.30 BO-C  |e available  |t Error 5001 Not defined in file expand_doc_bib_avail.  |f 1  |g 0  |h N  |i 0  |j AN  |k 1 
999 |a From the UDN01 
AVA |a UDN50  |b LNN  |c English  |d 420.30 BO-C  |e available  |t Error 5001 Not defined in file expand_doc_bib_avail.  |f 1  |g 0  |h N  |i 0  |j AN  |k 1 
TYP |a Monograph 
TYP |a Printed language 
TYP |a ON 
980 |a Mạng thư viện Đại học Đà Nẵng